| 000 | 01087cam a22003015i 4500 | ||
|---|---|---|---|
| 999 |
_c18319 _d18291 |
||
| 003 | EG-ScBUE | ||
| 005 | 20201125063849.0 | ||
| 008 | 140626t20132013xxka f 000 0 eng d | ||
| 020 | _a9781133317494 | ||
| 040 |
_aEG-ScBUE _beng _erda _cEG-ScBUE _dEG-ScBUE |
||
| 082 | 0 | 4 |
_a428.24076 _bSCO _222 |
| 100 | 1 |
_aScoot, Roger, _eauthor. |
|
| 245 | 1 | 0 |
_aBridge to IELTS. _pPre-intermediate-intermediate band 3.5 to 4.5. _pTeacher's book / _cRoger Scott [and three others]. |
| 264 | 1 |
_aHampshire, United Kingdom : _bCengage Learning, _c[2013] |
|
| 264 | 4 | _cc2013 | |
| 300 |
_a159 pages : _billustrations ; _c28 cm |
||
| 336 |
_atext _btxt _2rdacontent |
||
| 337 |
_aunmediated _bn _2rdamedia |
||
| 338 |
_avolume _bnc _2rdacarrier |
||
| 650 | 7 |
_aInternational English Language Testing System _vStudy guides. _2BUEsh _936012 |
|
| 650 | 7 |
_aEnglish language _xStudy and teaching _xForeign speakers. _2BUEsh |
|
| 651 | _2BUEsh | ||
| 653 |
_bHHUUEENN _cJune2014 |
||
| 700 | 1 |
_aFuscoe, Kate, _eauthor. |
|
| 700 | 1 |
_aPastellas, Vickie, _eauthor. |
|
| 700 | 1 |
_aWalker, Sophie, _eauthor. |
|
| 942 |
_2ddc _cBB |
||